01066nam a2200229 a 450000100060000000300080000600500170001400800410003102000150007203500190008704000350010604100080014108200260014911101170017524503120029226000340060430000210063850400410065965000530070065000370075383000460079060794BD-RjUL20211209080901.0170103s1974 fr b i100 0 eng  a9231011626 a(BD-RjUL)60918 aBD-RjULcBD-RjULdBD-RjULbeng aeng00223a300.711bINS 19742 aInternational Seminar on the Role of Social Sciences and Humanities in Engineering Education,cBucharest,d1972.10aSocial sciences and humanities in engineering education :bcase studies and papers from the International Seminar on the Role of Social Sciences and Humanities in Engineering Education, Bucharest, September 1972 /cInternational Seminar on the Role of Social Sciences and Humanities in Engineering Education aParis :bUnesco Press,c1974. a124 p. ;c24 cm. aIncludes bibliographical references. 0aSocial sciencesvStudy and teachingzCongresses. 0aTechnical educationxCongresses. aStudies in engineering education ;vno. 2